Zgadnij Przewoźnika Koleji - Statystyki

Ogólne statystyki
  • Ten quiz został rozwiązany 56 razy
  • Średni wynik to 6 z 8
Statystyki odpowiedzi
Obrazkowy Odpowiedź % Poprawnych
Koleje Mazowieckie
98%
PKP Intercity
98%
Przewozy Regionalne
91%
Koleje Śląskie
79%
Łódzka Kolej Aglomeracyjna
70%
Warszawska Kolej Dojazdowa
65%
Koleje Wielkopolskie
63%
Koleje Dolnośląskie
53%
Nie znaleziono quizów pasujących do podanych kryteriów
Rozkład punktacji
Procent ludzi z każdym wynikiem
Percentyl według liczby udzielonych odpowiedzi
Twoja historia wyników
Nie rozwiązałeś tego quizu